zpět

Detail výsledku týmu

Kozlovka, Hradec Králové

Datum a čas kvízu

19 Celkem bodů Celkový počet nahraných bodů na tomto kvízu bez doplňovacích otázek.
13. Pořadí na kvízu Konečné umístění týmu na tomto kvízu.

Zaznamenané odpovědi

# Otázka Odpověď Body Výsledky
1. Ve čtvrtek jsme se dozvěděli,... Rohlík.cz 1
2. Obyvatelé jisté země schválili... v Kataru 0
3. Který bývalý člen kanceláře pr... Jiří Ovčáček 1
4. Řetězec Pepco se pod tlakem zá... C) zkušební kabiny 0
5. Ve kterém hlavním městě ležící... v Rijádu 0
6. Robin Hood je britsko-americký... Ridley Scott, Russel Crowe 0
7. Přiřaďte následující herce k p... 1B 2A 3D 4C 0
8. Německý film režiséra Edwarda... Na západní frontě klid, Erich Maria Remarque 0
9. Protektor je film režiséra Mar... Jana Plodková, Marek Daniel 0.5
10. Napište název filmu, z něhož p... Apokalypsa/Apocalypse Now 0